[Event "ICS rated blitz match"]
[Site "207.99.5.190"]
[Date "1999.03.07"]
[Round "?"]
[White "Hossa"]
[Black "blunite"]
[Result "1/2-1/2"]
[WhiteElo "2481"]
[BlackElo "2274"]
[PlyCount "93"]

1. e4 e5 2. Nf3 Nc6 3. Bc4 Bc5 4. c3 Qe7 5. O-O Bb6 6. b4 a6 7. Qa4 Rb8 8. d3
Nf6 9. Ba3 d6 10. b5 axb5 11. Bxb5 Bd7 12. Nbd2 O-O 13. Nc4 Ra8 14. Qc2 Ba7 15.
Bxc6 Bxc6 16. Ncxe5 Rfe8 17. Nxc6 bxc6 18. Bc1 h6 19. Rb1 Ng4 20. Rb7 Ne5 21.
Nxe5 dxe5 22. Be3 Bxe3 23. fxe3 Ra6 24. Rfb1 Kh7 25. R1b2 Qg5 26. Qd2 Re7 27.
Rb8 Ra3 28. Rf8 Kg6 29. Rb3 Ra4 30. Rb4 Ra3 31. Rb1 c5 32. Rb3 Ra4 33. Rb5 Re6
34. Qf2 Rf6 35. Qg3 Rxa2 36. Qxg5+ hxg5 37. h3 Rff2 38. Ra5 Rxg2+ 39. Kh1 Raf2
40. Re8 f6 41. Rxc5 Rd2 42. Rb8 Rh2+ 43. Kg1 Rdg2+ 44. Kf1 Rc2 45. Kg1 Rcg2+
46. Kf1 Rd2 47. Kg1 {Game drawn by mutual agreement} 1/2-1/2

[Event "ICS rated blitz match"]
[Site "207.99.5.190"]
[Date "1999.03.07"]
[Round "?"]
[White "blunite"]
[Black "Hossa"]
[Result "1-0"]
[WhiteElo "2283"]
[BlackElo "2472"]
[Annotator "Crafty v16.5"]
[PlyCount "80"]

{annotating for player Hossa using a scoring margin of +0.10 pawns. search
time limit is 20.00} 1. e4 1... e5 2. Nf3 Nc6 3. Bc4 Bc5 4. Nc3 Nf6 5. a3 O-O
6. d3 d6 7. O-O Bg4 8. h3 Bh5 9. g4 Bg6 10. Bg5 Nb8 ({9:-0.24} 10... Nb8 11. b4
Bb6 12. Nh4 Bd4 13. Nxg6 hxg6 14. Qd2 Nc6 15. Rae1 $10) ({9:-0.02} 10... h6 11.
Bh4 Na5 12. Ba2 h5 13. g5 Nd7 14. b4 Bd4 15. Nxd4 15... exd4 $10) 11. Nd5 Nbd7
({9:-0.41} 11... Nbd7 12. b4 Bb6 13. Bb3 c6 14. Nxf6+ Nxf6 15. c4 Qe7 16. Qe2
16... Rad8 $14) ({9:-0.30} 11... c6 12. Nxf6+ gxf6 13. Bh6 Re8 14. Bb3 b5 15.
Qe2 d5 16. a4 dxe4 17. dxe4 $10) 12. Nh4 Kh8 ({8:-0.43} 12... Kh8 13. b4 Bd4
14. c3 Bb6 15. Qf3 c6 16. Nxb6 axb6 17. Nxg6+ 17... fxg6 $14) ({8:-0.10} 12...
c6 13. Nxf6+ Nxf6 14. Qf3 b5 15. Nxg6 hxg6 16. Bb3 16... Qe7 $10) 13. Nf5 Bxf5
14. gxf5 c6 15. Nxf6 Nxf6 16. Kh1 Rc8 17. Qf3 b5 18. Bb3 Qe7 19. Rg1 Rce8 20.
Rg2 Bd4 21. c3 Bb6 22. Rag1 Rg8 23. Bh4 a5 24. Bg5 Bc5 25. Ba2 b4 26. axb4 axb4
27. Bb3 bxc3 28. bxc3 Rb8 29. Bc4 Rb7 30. Qe2 Ra7 31. Qd2 Raa8 32. h4 Rgb8 33.
h5 Ra4 34. h6 gxh6 35. Bh4 Bxf2 36. Qxf2 Ra2 37. Bxa2 Qd8 38. Bxf7 Ng4 39. Rxg4
Qf8 40. Bf6+ Qg7 1-0

[Event "ICS rated blitz match"]
[Site "207.99.5.190"]
[Date "1999.03.07"]
[Round "?"]
[White "Hossa"]
[Black "blunite"]
[Result "1-0"]
[WhiteElo "2448"]
[BlackElo "2307"]
[PlyCount "71"]

1. e4 e5 2. Nf3 Nc6 3. Bb5 a6 4. Ba4 Nf6 5. O-O b5 6. Bb3 Be7 7. Bd5 O-O 8. Re1
Bc5 9. a4 Rb8 10. axb5 axb5 11. d3 h6 12. Bxc6 dxc6 13. Be3 Bxe3 14. Rxe3 Bg4
15. Re1 Re8 16. Nc3 Re6 17. Ra7 Nh5 18. h3 Bxf3 19. Qxf3 Nf4 20. Ne2 Rf6 21.
Rea1 Ne6 22. Qg3 Qd6 23. R1a2 Rg6 24. Qh4 Nf4 25. Nxf4 exf4 26. Ra8 Rxa8 27.
Rxa8+ Kh7 28. Ra7 f3 29. g4 Qf4 30. Ra1 Qd2 31. Qe7 Rf6 32. e5 Rf4 33. Qc5 h5
34. e6 f5 35. e7 hxg4 36. e8=Q {blunite resigns} 1-0

[Event "ICS rated blitz match"]
[Site "207.99.5.190"]
[Date "1999.03.07"]
[Round "?"]
[White "blunite"]
[Black "Hossa"]
[Result "0-1"]
[WhiteElo "2297"]
[BlackElo "2458"]
[PlyCount "50"]

1. e4 e5 2. Nf3 Nc6 3. Bc4 Bc5 4. Nc3 Nf6 5. a3 O-O 6. d3 d6 7. O-O Bg4 8. h3
Bh5 9. g4 Bg6 10. Bg5 h6 11. Bh4 Na5 12. Ba2 h5 13. Nd5 hxg4 14. hxg4 Nc6 15.
Bxf6 gxf6 16. c3 Bh7 17. Qd2 Kg7 18. Nh4 Rh8 19. Kg2 Bxe4+ 20. dxe4 Rxh4 21. f3
Qd7 22. Rh1 Rxg4+ 23. Kf1 Rh8 24. Rxh8 Rg1+ 25. Ke2 25... Rg2+ {blunite resigns
} 0-1

[Event "ICS rated blitz match"]
[Site "207.99.5.190"]
[Date "1999.03.07"]
[Round "?"]
[White "Hossa"]
[Black "blunite"]
[Result "1-0"]
[WhiteElo "2467"]
[BlackElo "2288"]
[PlyCount "91"]

1. e4 e5 2. Nf3 Nc6 3. Bc4 Bc5 4. c3 Qe7 5. O-O Bb6 6. b4 a6 7. Qa4 Rb8 8. d3
Nf6 9. Ba3 d6 10. b5 axb5 11. Bxb5 Bd7 12. Nbd2 O-O 13. Nc4 Ra8 14. Qc2 Ba7 15.
Bxc6 bxc6 16. Nfxe5 Rfe8 17. Rab1 Qd8 18. Nxd7 Qxd7 19. Rb7 Qd8 20. Bc1 Ng4 21.
d4 d5 22. f3 Nxh2 23. Kxh2 dxc4 24. Rb2 c5 25. d5 c6 26. dxc6 Qc7+ 27. Kg1 Bb8
28. f4 Qxc6 29. Rd1 Bc7 30. e5 Rad8 31. Rxd8 Rxd8 32. Qe2 Qa4 33. Bd2 g6 34. e6
Qc6 35. exf7+ Kxf7 36. Qxc4+ Kg7 37. Be3 Rd1+ 38. Kf2 Qf6 39. Ke2 Rd7 40. Qxc5
Qh4 41. Rb7 Qg4+ 42. Kf2 Qh4+ 43. Kf3 Qe7 44. Bd4+ Kf7 45. Qc6 Ke8 46. Rxc7 {
blunite resigns} 1-0

[Event "ICS rated blitz match"]
[Site "207.99.5.190"]
[Date "1999.03.07"]
[Round "?"]
[White "blunite"]
[Black "Hossa"]
[Result "0-1"]
[WhiteElo "2280"]
[BlackElo "2475"]
[PlyCount "74"]

1. e4 e5 2. Nf3 Nc6 3. Bc4 Bc5 4. Nc3 Nf6 5. a3 O-O 6. d3 d6 7. O-O Bg4 8. h3
Bh5 9. g4 Bg6 10. Bg5 Nb8 11. Nd5 c6 12. Nh4 cxd5 13. Bxd5 Nc6 14. Nf5 Bxf5 15.
gxf5 Rc8 16. Bxc6 Rxc6 17. Kh1 Kh8 18. c4 Rc8 19. Qf3 Bd4 20. Rab1 Rc5 21. b4
Rc6 22. a4 Rc8 23. Rg1 Rc7 24. Rg2 Rg8 25. Rbg1 Bc3 26. b5 h6 27. Bh4 a6 28.
Qe2 Qe7 29. Qc2 Bb4 30. Qc1 Kh7 31. Rg3 a5 32. R1g2 g5 33. fxg6+ fxg6 34. Rf3
g5 35. Bxg5 hxg5 36. Rxg5 Rcc8 37. Qg1 37... Bd2 {blunite resigns} 0-1

[Event "ICS rated blitz match"]
[Site "207.99.5.190"]
[Date "1999.03.07"]
[Round "?"]
[White "Hossa"]
[Black "blunite"]
[Result "1/2-1/2"]
[WhiteElo "2483"]
[BlackElo "2272"]
[PlyCount "97"]

1. e4 e5 2. Nf3 Nc6 3. Bc4 Bc5 4. c3 Qe7 5. O-O Bb6 6. b4 d6 7. a4 a6 8. a5 Ba7
9. Qa4 Bd7 10. d3 Nf6 11. b5 Nd8 12. Na3 O-O 13. Rb1 h6 14. Qb3 Bc5 15. bxa6
bxa6 16. Be3 Bxa3 17. Qxa3 g5 18. Rb2 Bg4 19. Nd2 Nh5 20. Rfb1 Nf4 21. Bxf4
gxf4 22. Bd5 Ra7 23. Rb8 c6 24. Bc4 Ne6 25. R8b6 Ng5 26. Rxc6 Rd7 27. Bxa6 f3
28. Bc8 fxg2 29. Bxd7 Nh3+ 30. Kxg2 Bxd7 31. Rxd6 Qg5+ 32. Kf1 Bg4 33. Rb2 Qf4
34. Qc5 Qxh2 35. Ke1 Nf4 36. Nf1 Qg1 37. Rb4 Ng2+ 38. Kd2 Qxf1 39. c4 Qd1+ 40.
Kc3 Qc1+ 41. Kb3 Bd1+ 42. Ka2 Ne1 43. Rb2 Nc2 44. Rg6+ fxg6 45. Qd5+ Kh8 46.
Qxe5+ Kg8 47. Qe6+ Kh8 48. Qe5+ Kg8 49. Qe6+ {Game drawn by mutual agreement}
1/2-1/2

[Event "ICS rated blitz match"]
[Site "207.99.5.190"]
[Date "1999.03.07"]
[Round "?"]
[White "blunite"]
[Black "Hossa"]
[Result "0-1"]
[WhiteElo "2281"]
[BlackElo "2474"]
[PlyCount "66"]

1. e4 c5 2. Nf3 Nf6 3. Nc3 Nc6 4. d4 d5 5. exd5 Nxd5 6. dxc5 Nxc3 7. Qxd8+ Nxd8
8. bxc3 Bd7 9. Rb1 Rc8 10. Be3 e6 11. Ne5 Ba4 12. c6 Nxc6 13. Nxc6 Bxc6 14. f3
Bd6 15. Bd3 O-O 16. c4 b6 17. O-O Rfd8 18. g3 Rc7 19. Kf2 Re7 20. Rfd1 Ree8 21.
f4 e5 22. Re1 exf4 23. Bxf4 Bxf4 24. gxf4 h5 25. Rxe8+ Rxe8 26. Rg1 Re6 27. Rg5
Rf6 28. Ke3 Rh6 29. c5 f6 30. Rf5 Kf7 31. cxb6 axb6 32. h4 g6 33. Bc4+ 33...
Ke7 {blunite resigns} 0-1

[Event "ICS rated blitz match"]
[Site "207.99.5.190"]
[Date "1999.03.07"]
[Round "?"]
[White "Hossa"]
[Black "blunite"]
[Result "1-0"]
[WhiteElo "2482"]
[BlackElo "2273"]
[PlyCount "95"]

1. e4 e5 2. Nf3 Nc6 3. Bb5 a6 4. Ba4 Nf6 5. O-O b5 6. Bb3 Be7 7. Bd5 O-O 8. Re1
Bc5 9. a4 Nxd5 10. exd5 Nd4 11. Nxe5 d6 12. Nc6 Nxc6 13. dxc6 Qh4 14. Qf3 Bg4
15. Qf4 Rae8 16. Rf1 g5 17. Qf6 Re6 18. g3 Qh5 19. Qc3 Rfe8 20. d4 b4 21. Qd2
Re2 22. Qxg5+ Qxg5 23. Bxg5 Bxd4 24. c3 Bc5 25. cxb4 Bxb4 26. Nc3 Bxc3 27. bxc3
Bh3 28. Rfd1 Rc2 29. Re1 Ree2 30. Rxe2 Rxe2 31. Bd8 Rc2 32. Bxc7 Rxc3 33. Bxd6
Rxc6 34. Be5 h5 35. Rb1 Kh7 36. Bf4 Kg6 37. a5 f6 38. Rb6 Rc2 39. Rxa6 Re2 40.
f3 Rg2+ 41. Kf1 Rxg3+ 42. Kf2 Rg2+ 43. Ke3 Ra2 44. Be5 Ra3+ 45. Kf4 Ra4+ 46.
Kg3 Bc8 47. Rxf6+ Kh7 48. Bc7 {blunite resigns} 1-0

[Event "ICS rated blitz match"]
[Site "207.99.5.190"]
[Date "1999.03.07"]
[Round "?"]
[White "blunite"]
[Black "Hossa"]
[Result "0-1"]
[WhiteElo "2266"]
[BlackElo "2489"]
[PlyCount "80"]

1. e4 e5 2. Nf3 Nc6 3. Bc4 Bc5 4. Nc3 Nf6 5. a3 O-O 6. d3 d6 7. O-O Bg4 8. h3
Bh5 9. g4 Bg6 10. Bg5 h6 11. Bh4 Na5 12. Ba2 h5 13. Nd5 hxg4 14. hxg4 Nc6 15.
c3 Qd7 16. Nxf6+ gxf6 17. Nh2 Kg7 18. Qf3 Qe7 19. Kg2 Rh8 20. Bg3 Rh6 21. Rh1
Rah8 22. Rag1 Kf8 23. Kf1 Ke8 24. Ke2 Qd7 25. b4 Bb6 26. Bb3 Nd8 27. Rg2 Qb5
28. Rd1 Qa6 29. a4 c5 30. a5 Bc7 31. Bc4 b5 32. axb6 Qxb6 33. b5 Qa5 34. Nf1
Qxc3 35. Ne3 Ne6 36. Bxe6 fxe6 37. Rgg1 Qb2+ 38. Rd2 Qxb5 39. g5 fxg5 40. Qg4
40... Bh5 {blunite resigns} 0-1

[Event "ICS rated blitz match"]
[Site "207.99.5.190"]
[Date "1999.03.07"]
[Round "?"]
[White "Hossa"]
[Black "blunite"]
[Result "1-0"]
[WhiteElo "2496"]
[BlackElo "2259"]
[PlyCount "86"]

1. e4 e5 2. Nf3 Nc6 3. Bc4 Bc5 4. c3 Qe7 5. O-O Bb6 6. b4 d6 7. a4 a6 8. a5 Ba7
9. Qa4 Bd7 10. d3 Nf6 11. Nbd2 O-O 12. Bb2 Nd4 13. Qd1 Nc6 14. Rc1 Nh5 15. d4
Nf4 16. d5 Nd8 17. Qe1 g5 18. Qd1 f6 19. Re1 Nf7 20. Qc2 Nh8 21. Nf1 Nhg6 22.
Ne3 Qg7 23. Nf5 Bxf5 24. exf5 Nh4 25. Nxh4 gxh4 26. Qe4 Kh8 27. Qf3 Rg8 28. Bf1
Qg5 29. h3 Qxf5 30. Kh1 Qg5 31. Rcd1 Rg7 32. Bc1 Rag8 33. Re4 f5 34. Rc4 e4 35.
Qxf4 Qxf4 36. Bxf4 Bxf2 37. Rd2 Bg3 38. Be3 Be5 39. Rf2 Rf7 40. Rxe4 Rg6 41.
Rc4 Kg8 42. Bf4 Kf8 43. Be2 43... Rff6 {blunite resigns} 1-0

[Event "ICS rated bullet match"]
[Site "207.99.5.190"]
[Date "1999.03.07"]
[Round "?"]
[White "Hossa"]
[Black "Speedy"]
[Result "1-0"]
[WhiteElo "2345"]
[BlackElo "2226"]
[PlyCount "23"]

1. e4 c5 2. Bc4 a6 3. Nc3 b5 4. Bxf7+ Kxf7 5. Qh5+ g6 6. Qd5+ e6 7. Qxa8 Nc6 8.
Nf3 Qc7 9. d3 b4 10. Ne2 Bb7 11. Bf4 d6 12. Ng5+ {Speedy resigns} 1-0

[Event "ICS rated bullet match"]
[Site "207.99.5.190"]
[Date "1999.03.07"]
[Round "?"]
[White "Hossa"]
[Black "Speedy"]
[Result "1-0"]
[WhiteElo "2356"]
[BlackElo "2215"]
[PlyCount "59"]

1. e4 c5 2. Bc4 a6 3. Nc3 b5 4. Bxf7+ Kxf7 5. Qh5+ g6 6. Qd5+ e6 7. Qxa8 Nc6 8.
Nf3 Qc7 9. d3 b4 10. Ne2 h6 11. O-O Bb7 12. Ne5+ Nxe5 13. Qa7 Nc6 14. Bf4 d6
15. Qxc5 e5 16. Qc4+ Kg7 17. Bd2 a5 18. f4 Nf6 19. fxe5 dxe5 20. Rf3 Be7 21.
Raf1 Rf8 22. Be3 Qd6 23. Qb5 Bc8 24. R3f2 Be6 25. Bb6 Ng4 26. Rxf8 Bxf8 27.
Rxf8 Qxf8 28. Qxc6 Qf7 29. Qd6 Qf6 30. h3 {Speedy resigns} 1-0

[Event "ICS rated bullet match"]
[Site "207.99.5.190"]
[Date "1999.03.07"]
[Round "?"]
[White "Hossa"]
[Black "Speedy"]
[Result "0-1"]
[WhiteElo "2366"]
[BlackElo "2205"]
[Annotator "Crafty v16.5"]
[PlyCount "194"]

{annotating for player Hossa using a scoring margin of +0.10 pawns. search
time limit is 20.00} 1. e4 1... c5 2. Bc4 a6 3. Nc3 b5 4. Bxf7+ Kxf7 5. Qh5+ g6
6. Qd5+ e6 7. Qxa8 Nc6 8. Nf3 Qc7 9. d3 b4 10. Ne2 Be7 11. Ng5+ ({9:-0.97} 11.
Ng5+ 11... Bxg5 12. Bxg5 Bb7 13. Bd8 Nxd8 14. Qa7 Ne7 15. d4 cxd4 16. Qxd4
16... e5 $17) ({9:+0.59} 11. Bf4 11... d6 12. e5 Bb7 13. exd6 Qb6 14. Qxg8+
Rxg8 15. dxe7 Nxe7 16. Ne5+ 16... Kg7 $14) 11... Bxg5 12. Bxg5 Bb7 13. Bd8 Nxd8
14. Qa7 d6 15. e5 d5 16. f4 Ne7 17. d4 c4 18. O-O Nf5 19. c3 Nc6 20. Qc5 a5 21.
Rac1 Qe7 22. Qxe7+ Kxe7 23. a3 b3 24. Rce1 h5 25. Rc1 Bc8 26. Rf3 Bd7 27. Rh3
Be8 28. Kh1 Bf7 29. Rd1 Kd7 30. Ng1 Nce7 31. Nf3 Rg8 32. Ng5 Be8 33. Kg1 Rg7
34. Rf3 Ng8 35. Rc1 Ngh6 36. Rff1 Nf7 37. Nf3 g5 38. fxg5 Nxg5 39. Nxg5 Rxg5
40. Kf2 Bg6 41. Rh1 Ne7 42. a4 Be4 43. Rhg1 Nf5 44. g3 Nh6 45. h3 Rf5+ 46. Ke2
Rf3 47. Rcf1 Rxf1 48. Kxf1 Ke7 49. g4 hxg4 50. hxg4 Nf7 51. g5 Nh8 52. Kf2 Ng6
53. Ke3 Kf7 54. Rf1+ Bf5 55. Rh1 Kg7 56. Rh5 Ne7 57. Kf4 Ng6+ 58. Ke3 Ne7 59.
Kf4 Nc8 60. Rh1 Nb6 61. Ra1 Bc2 62. Ra3 Kg6 63. Ra1 Bd3 64. Ra3 Bb1 65. Kg4 Ba2
66. Kf4 Nd7 67. Kg3 Nf8 68. Kf4 Nh7 69. Ke3 Nxg5 70. Kd2 Ne4+ 71. Ke3 Kg5 72.
Ke2 Kf4 73. Kf1 Ke3 74. Kg2 Kd3 75. Kf3 Kc2 76. Kg2 Kxb2 77. Kh2 Kxa3 78. Kg2
Kb2 79. Kf3 Kxc3 80. Kf4 Kxd4 81. Kf3 Kxe5 82. Ke3 Bb1 83. Kf3 Bd3 84. Kg2 b2
85. Kh2 b1=Q 86. Kg2 Qc2+ 87. Kh3 Qxa4 88. Kh4 Qd1 89. Kh3 Qh5+ 90. Kg2 Be2 91.
Kg1 Qg4+ 92. Kh1 Nf2+ 93. Kh2 Qh4+ 94. Kg2 Ke4 95. Kg1 Bf3 96. Kf1 Ke3 97. Ke1
Qh1# 0-1

[Event "ICS rated standard match"]
[Site "207.99.5.190"]
[Date "1999.03.07"]
[Round "?"]
[White "Hossa"]
[Black "Masterchess"]
[Result "0-1"]
[WhiteElo "2234"]
[BlackElo "2129"]
[Annotator "Crafty v16.5"]
[PlyCount "83"]

{annotating for player Hossa using a scoring margin of +0.10 pawns. search
time limit is 20.00} 1. e4 1... c5 2. Bc4 e6 3. Nc3 a6 4. d3 Nc6 5. Nf3 Nf6 6.
O-O Be7 7. e5 Ng4 8. Bf4 f6 9. exf6 Nxf6 10. d4 d5 11. Bb3 ({9:-1.24} 11. Bb3
11... c4 12. Ba4 b5 13. Nxb5 axb5 14. Bxb5 Bd7 15. Qe2 $17) ({9:-0.10} 11. Be2
11... O-O 12. dxc5 Bxc5 13. Ne5 Nxe5 14. Bxe5 b5 15. Bd4 Qd6 16. f4 $10) 11...
c4 12. Ba4 b5 13. Nxb5 axb5 14. Bxb5 Qb6 15. Bxc6+ Qxc6 16. Ne5 Qa6 17. Re1 O-O
18. a3 Qb6 19. Rb1 Nd7 20. Nxd7 Bxd7 21. Be5 Bh4 22. Rf1 Bf6 23. Bxf6 Rxf6 24.
Qd2 Rb8 25. Kh1 Qd6 26. Rfe1 Qf4 27. Qxf4 Rxf4 28. Re2 Rxd4 29. g3 e5 30. f3 e4
31. fxe4 Bg4 32. Rf2 dxe4 33. c3 e3 34. cxd4 exf2 35. Kg2 c3 36. bxc3 Rxb1 37.
Kxf2 Rc1 38. Ke3 Rxc3+ 39. Kf4 Bh3 40. g4 Rxa3 41. Ke5 Bxg4 42. Kf4 0-1

[Event "ICS rated standard match"]
[Site "207.99.5.190"]
[Date "1999.03.07"]
[Round "?"]
[White "Masterchess"]
[Black "Hossa"]
[Result "1-0"]
[WhiteElo "2177"]
[BlackElo "2223"]
[Annotator "Crafty v16.5"]
[PlyCount "90"]

{annotating for player Hossa using a scoring margin of +0.10 pawns. search
time limit is 20.00} 1. c4 1... e5 2. Nc3 Nf6 3. Nf3 Nc6 4. g3 Bc5 5. d3 Bb4 ({
8:-0.38} 5... Bb4 6. e4 Bxc3+ 7. bxc3 a6 8. Rb1 O-O 9. Ba3 d6 10. Bg2 $14) ({
8:+0.41} 5... d5 6. cxd5 Nxd5 7. Bg2 O-O 8. O-O Bf5 9. Bg5 9... Qd6 $15) 6. Bg2
e4 7. dxe4 Nxe4 8. Qd3 Nxc3 9. bxc3 Be7 10. Bf4 g5 ({9:-0.32} 10... g5 11. Be3
O-O 12. O-O d6 13. Rab1 Re8 14. Nd4 14... Ne5 $14) ({9:+0.33} 10... O-O 11. O-O
d6 12. Rad1 Rb8 13. Qe4 Bg4 14. Ne5 Nxe5 15. Bxe5 $15) 11. Be3 Rb8 ({9:-0.66} 
11... Rb8 12. h4 g4 13. Nh2 d6 14. Bxc6+ bxc6 15. Bxa7 Rb2 16. Qe4 16... Qd7
$14) ({9:-0.35} 11... O-O 12. O-O Bf6 13. Rad1 Re8 14. c5 Qe7 15. Qd5 15... Ne5
$14) 12. Qe4 O-O 13. h4 gxh4 14. Nxh4 Bf6 15. Qc2 Nb4 16. Qb3 Nc6 17. Nf3 d6
18. Qc2 Re8 19. Ng5 Bg7 20. Qxh7+ Kf8 21. Bd2 Qe7 22. Ne4 f5 23. Bh6 Bxh6 24.
Qxh6+ Qg7 25. Qh8+ Qxh8 26. Rxh8+ Ke7 27. Rh7+ Kd8 28. Nf6 Rf8 29. Nd5 Bd7 30.
c5 Kc8 31. Rd1 Ra8 32. Nf4 Ne5 33. cxd6 cxd6 34. Rxd6 Rd8 35. Rd5 Nc6 36. Bh3
Nb8 37. Rxf5 a5 38. Rc5+ Nc6 39. Rxd7 Rxd7 40. Nd5 Ra6 41. Nf6 Kd8 42. Nxd7 Ne7
43. Rh5 Ra7 44. f4 Kc7 45. Rh7 Kd6 1-0

[Event "ICS rated standard match"]
[Site "207.99.5.190"]
[Date "1999.03.07"]
[Round "?"]
[White "Hossa"]
[Black "ionut"]
[Result "1/2-1/2"]
[WhiteElo "2212"]
[BlackElo "1968"]
[PlyCount "138"]

1. e4 e5 2. Nf3 Nf6 3. Nc3 Bb4 4. Nxe5 O-O 5. d3 Re8 6. f4 d6 7. Nf3 Nd5 8. Bd2
Bxc3 9. Bxc3 f5 10. e5 Nxf4 11. Kf2 Nc6 12. d4 dxe5 13. Nxe5 Nxe5 14. dxe5 Nd5
15. Bd4 Qg5 16. c3 Be6 17. Qf3 Qd2+ 18. Qe2 Qh6 19. Rd1 Nb6 20. b3 Bd5 21. c4
Be4 22. c5 Nd7 23. Qd2 Qh4+ 24. g3 Qe7 25. Bc4+ Kh8 26. Rhe1 Nxe5 27. Bxe5 Qxe5
28. Qe3 f4 29. Qxf4 Rf8 30. Bf7 Qxc5+ 31. Kf1 Bg6 32. Rd5 Qc6 33. Kg1 Rxf7 34.
Qd4 Raf8 35. Rd8 Qc2 36. Qd2 Qf5 37. Rxf8+ Rxf8 38. b4 Be8 39. Qe3 Bc6 40. Qf4
Qxf4 41. gxf4 Rxf4 42. a3 Kg8 43. Re7 Rf7 44. Re3 Kf8 45. h3 a5 46. Re2 axb4
47. axb4 Rf4 48. Rb2 Bd7 49. Kg2 Rh4 50. b5 Bxh3+ 51. Kg3 Rh5 52. Rc2 Bd7 53.
Rxc7 Bxb5 54. Rxb7 Rf5 55. Kg4 g6 56. Rxh7 Be2+ 57. Kg3 Rh5 58. Rc7 g5 59. Rc2
Bd1 60. Rd2 Ba4 61. Kg4 Rh7 62. Kxg5 Rg7+ 63. Kf6 Rf7+ 64. Ke6 Bb3+ 65. Ke5
Re7+ 66. Kd6 Re6+ 67. Kc5 Kf7 68. Rd7+ Re7 69. Rxe7+ 69... Kxe7 {
Game drawn because neither player has mating material} 1/2-1/2

[Event "ICS rated standard match"]
[Site "207.99.5.190"]
[Date "1999.03.07"]
[Round "?"]
[White "AlpinaBMW"]
[Black "Hossa"]
[Result "0-1"]
[WhiteElo "2363"]
[BlackElo "2202"]
[PlyCount "104"]

1. Nf3 Nc6 2. d4 d5 3. c4 e6 4. Nc3 Bb4 5. e3 Nge7 6. Bd2 O-O 7. a3 Bxc3 8.
Bxc3 Bd7 9. Rc1 Be8 10. Qb3 Rb8 11. Bd3 dxc4 12. Bxc4 Nd5 13. O-O Nxc3 14. Qxc3
Qe7 15. d5 exd5 16. Bxd5 Rc8 17. Rfd1 Rd8 18. e4 Bd7 19. b4 a6 20. Rd2 Kh8 21.
Qc2 Rfe8 22. Rd3 Kg8 23. Qc3 Rf8 24. Rcd1 Be8 25. Qc2 Qf6 26. R3d2 Qe7 27. h3
Bd7 28. Qc5 Rde8 29. Ng5 Qxc5 30. bxc5 Bc8 31. f4 Ne7 32. Kf2 Nxd5 33. exd5 h6
34. Nf3 Bd7 35. Rb1 Rb8 36. Nd4 Rfe8 37. Re2 Kf8 38. Rxe8+ Kxe8 39. Nc6 Bxc6
40. dxc6 b5 41. cxb6 Rxb6 42. Rxb6 cxb6 43. g4 Kd8 44. Ke3 Kc7 45. Kd4 Kxc6 46.
a4 b5 47. axb5+ Kxb5 48. Kc3 Ka4 49. Kc4 Ka3 50. Kc3 a5 51. Kc4 a4 52. Kc3
52... g5 {AlpinaBMW resigns} 0-1

[Event "ICS rated standard match"]
[Site "207.99.5.190"]
[Date "1999.03.07"]
[Round "?"]
[White "Hossa"]
[Black "ionut"]
[Result "0-1"]
[WhiteElo "2208"]
[BlackElo "2017"]
[Annotator "Crafty v16.5"]
[PlyCount "78"]

{annotating for player Hossa using a scoring margin of +0.10 pawns. search
time limit is 20.00} 1. e4 1... e5 2. Nf3 Nc6 3. Bb5 a6 4. Ba4 ({9:-0.10} 4.
Ba4 4... Bc5 5. Bxc6 dxc6 6. Nc3 Bg4 7. Na4 Bb4 8. O-O Bxf3 9. Qxf3 Bxd2 10.
Bxd2 10... Qxd2 $10) ({9:+0.14} 4. Bxc6 4... dxc6 5. Nc3 Bg4 6. h3 Bxf3 7. Qxf3
Nh6 8. d3 Qf6 9. Qxf6 9... gxf6 $10) 4... Nf6 5. O-O Nxe4 6. Re1 ({9:+0.21} 6.
Re1 6... Nc5 7. Bxc6 dxc6 8. Nxe5 Be7 9. Qe2 Bf5 10. Qh5 10... Be6 $10) ({
9:+0.32} 6. Qe2 6... Nc5 7. Bxc6 dxc6 8. Qxe5+ Ne6 9. Re1 Be7 10. Nc3 O-O 11.
Ne4 $14) 6... Nc5 7. Bxc6 dxc6 8. d4 Ne6 9. Rxe5 ({9:+0.04} 9. Rxe5 9... Bd6
10. Re1 O-O 11. Nc3 Bd7 12. Be3 Nf4 13. Ne4 $10) ({9:+0.20} 9. dxe5 9... Qxd1
10. Rxd1 Bd7 11. Nc3 Bb4 12. Ne4 O-O-O 13. Bd2 13... Be7 $10) 9... Bd6 10. Re1
O-O 11. Nc3 Qf6 12. Ne4 Qf5 13. c4 Bb4 14. Ng3 Qf6 15. Bd2 Bxd2 16. Qxd2 Rd8
17. Rad1 Nf4 18. Re4 Ng6 19. Rde1 Be6 20. b3 h6 21. Qb4 b6 22. Qa4 Bd7 23. Qa3
a5 24. Ne5 Nxe5 25. Rxe5 Be6 26. Nh5 Qh4 27. d5 cxd5 28. Qb2 d4 29. R1e4 Qe7
30. Rxd4 c5 31. Rxc5 f6 32. Nxf6+ Qxf6 33. Rxa5 bxa5 34. Rxd8+ Rxd8 35. Qb1 Rd2
36. Kh1 Bh3 37. Qf1 Rxf2 38. Qb1 Rf1+ 39. Qxf1 Qxf1# 0-1

[Event "ICS rated standard match"]
[Site "207.99.5.190"]
[Date "1999.03.07"]
[Round "?"]
[White "Ilpo"]
[Black "Hossa"]
[Result "0-1"]
[WhiteElo "2234"]
[BlackElo "2184"]
[PlyCount "68"]

1. d4 Nf6 2. c4 g6 3. Nc3 Bg7 4. e4 d6 5. f4 O-O 6. Nf3 Bg4 7. h3 Bxf3 8. Qxf3
Nfd7 9. Be3 c5 10. d5 Qb6 11. Qf2 Qb4 12. Qc2 Bd4 13. Qd3 Qxb2 14. Rc1 Nf6 15.
Be2 Bxc3+ 16. Rxc3 Nxe4 17. Rc2 Qb4+ 18. Bd2 Qb1+ 19. Bd1 Qxd1+ 20. Kxd1 Nf2+
21. Ke2 Nxd3 22. Kxd3 e6 23. g4 exd5 24. cxd5 Nd7 25. Bc3 Nb6 26. h4 Nxd5 27.
Bd2 f5 28. g5 Rae8 29. h5 Re4 30. hxg6 hxg6 31. Rh6 Rfe8 32. Rc1 Rd4+ 33. Kc2
Re2 34. Rd1 34... Ne3+ {Ilpo resigns} 0-1

[Event "ICS rated standard match"]
[Site "207.99.5.190"]
[Date "1999.03.07"]
[Round "?"]
[White "Hossa"]
[Black "Hungover"]
[Result "1-0"]
[WhiteElo "2196"]
[BlackElo "1936"]
[PlyCount "41"]

1. e4 b6 2. Nf3 Bb7 3. Bd3 g6 4. Bc4 Bg7 5. O-O d6 6. d3 Nf6 7. Bg5 O-O 8. Qc1
Re8 9. Bh6 Bh8 10. Nc3 Nbd7 11. Qf4 e6 12. Rad1 Nh5 13. Qd2 Ne5 14. Nxe5 Bxe5
15. d4 Bh8 16. Bb5 c6 17. Be2 Nf6 18. e5 Nd5 19. f4 Rc8 20. Ne4 dxe5 21. fxe5 {
Hungover resigns} 1-0

[Event "ICS rated bullet match"]
[Site "207.99.5.190"]
[Date "1999.03.07"]
[Round "?"]
[White "TDChess"]
[Black "Hossa"]
[Result "1-0"]
[WhiteElo "2649"]
[BlackElo "2343"]
[Annotator "Crafty v16.5"]
[PlyCount "91"]

{annotating for player Hossa using a scoring margin of +0.10 pawns. search
time limit is 20.00} 1. Nf3 1... Nc6 2. d4 d5 3. Nc3 Nf6 4. Ne5 Bf5 ({9:-0.62} 
4... Bf5 5. Nxc6 bxc6 6. e3 Qd6 7. f4 c5 8. Nb5 Qc6 9. c3 cxd4 10. cxd4 $14) ({
9:-0.38} 4... Nxe5 5. dxe5 d4 6. exf6 dxc3 7. Qxd8+ Kxd8 8. fxe7+ Bxe7 9. bxc3
Bf5 10. Rb1 Rb8 11. Rb2 $14) 5. Nxc6 bxc6 6. e3 Rb8 ({9:-1.00} 6... Rb8 7. Bd3
e6 8. Bxf5 exf5 9. Qd3 Qd7 10. Qa6 Bb4 11. Qxa7 Bxc3+ 12. bxc3 $16) ({9:-0.66} 
6... e5 7. dxe5 Ng4 8. Bd3 Be6 9. f4 Bc5 10. f5 Qh4+ 11. Ke2 $14) 7. Bd3 Bg4 8.
f3 Bh5 9. O-O e6 10. e4 Bb4 11. exd5 Bxc3 ({8:-0.72} 11... Bxc3 12. bxc3 cxd5
13. Ba3 Qd7 14. Qe2 Qc6 15. c4 Rb6 16. cxd5 16... Qxd5 $16) ({8:-0.49} 11...
cxd5 12. Nb5 a6 13. Nc3 Qd6 14. Qe2 Bxc3 15. bxc3 15... a5 $14) 12. bxc3 cxd5
13. Ba3 Bg6 14. Be2 Nd7 15. Rb1 Rxb1 16. Qxb1 c5 17. Qb7 a5 18. dxc5 Bxc2 19.
Bb5 f6 20. c6 Kf7 21. cxd7 Bg6 22. Bc5 Bf5 23. Bb6 Qe7 24. Qc8 Rg8 25. Qxg8+
Kxg8 26. d8=Q+ Qxd8 27. Bxd8 Kf7 28. Bxa5 e5 29. Bc6 d4 30. cxd4 exd4 31. Bd5+
Be6 32. Bxe6+ Kxe6 33. Rd1 Kd5 34. Bb6 d3 35. Rxd3+ Kc6 36. Bd8 f5 37. Rc3+ Kd7
38. a4 Kxd8 39. a5 Ke7 40. a6 Kf7 41. Rc7+ Kg6 42. a7 f4 43. a8=Q h5 44. Qf8 h4
45. Rxg7+ Kh5 46. Qh8# 1-0